Conocimientos y expectativas de los estudiantes del último año de secundaria sobre, educación superior universitaria, 1996 /

Detalles Bibliográficos
Autor Corporativo: Consejo Nacional de Rectores. Oficina de Planificación de la Educación Superior
Formato: Libro
Idioma:lingua descoñecida ou non válida
Publicado: San José, Costa Rica : OPES, 1997
Subjects:

MARC

LEADER 00000nam a2200000Ia 4500
008 141002s1997 cr 000 | und d
999 |c 1767  |d 1767 
090 |a 06.03.06   |b 166 
110 1 |a Consejo Nacional de Rectores. Oficina de Planificación de la Educación Superior  |9 44 
245 1 0 |a Conocimientos y expectativas de los estudiantes del último año de secundaria sobre, educación superior universitaria, 1996 /   |c Consejo Nacional de Rectores. Oficina de Planificación de la Educación Superior 
260 |a San José, Costa Rica :   |b OPES,   |c 1997 
300 |a 92 páginas 
650 1 4 |a EDUCACIÓN SUPERIOR  |9 8 
650 1 4 |a ESTUDIANTES   |9 332 
650 1 4 |a CONOCIMIENTO  |9 42 
650 1 4 |a EDUCACIÓN  |9 1 
650 1 4 |a UNIVERSIDADES   |9 16 
650 1 4 |a EDUCACIÓN SECUNDARIA  |9 456 
942 |i 00156  |h 06.03.06 166  |2 z  |c 01